A radical approach to real analysis /

Guardado en:
Autor Principal: Bressoud, David M., 1950-
Formato: Libro
Idioma:English
Publicado: Washington, D.C. : Mathematical Association of America, c1994.
Series:Classroom resource materials ; no. 2.
Etiquetas: Agregar Etiqueta
Sin Etiquetas, Sea el primero en etiquetar este registro!
LEADER 00693nam a22001935a 4500
001 MAT.inmabb000189
008 931213s1994####dcua##########000#0#eng##
005 20130219142909.0
245 1 2 |a A radical approach to real analysis /  |c David M. Bressoud. 
260 |a Washington, D.C. :  |b Mathematical Association of America,  |c c1994. 
300 |a xii, 324 p. ;  |c 26 cm. 
490 1 |a Classroom resource materials series ;  |v no. 2 
510 4 |a MR,  |c 95d:26002 
020 |a 0883857014 
100 1 |a Bressoud, David M.,  |d 1950- 
830 0 |a Classroom resource materials ;  |v no. 2. 
084 |a 26-01 (01A05)  |2 msc2000 
859 |h 26  |i B843  |p A-7676  |b BIB. MATEMATICA 
859 |h 26  |i B843  |p A-7905  |t Ej. 2  |b BIB. MATEMATICA